000
00332nam a22001457a 4500
008
221121b ||||| |||| 00| 0 eng d
020
_a
9780803623026
041
_a
eng
080
_2
FOURTH EDITION
_a
61
082
_a
61
100
_a
5
101
_a
MJK
245
_a
MEDICAL TERMINOLOGY SIMPLIFIED
_c
GYLYS A.B
942
_2
udc
_c
BK
999
_c
58982
_d
58982